Pays non-alignés - Statistiques

Statistiques générales
  • Ce quiz a été pris 12 fois
    9 depuis la dernière actualisation
  • Le résultat moyen est 23 sur 136
Statistiques - réponses
ANSWER % Correct
Chine
75%
Brésil
63%
Russie
63%
Algérie
50%
Égypte
50%
Inde
50%
Maroc
50%
Mexique
50%
Afghanistan
38%
Argentine
38%
Chili
38%
Croatie
38%
Cuba
38%
Indonésie
38%
Pérou
38%
République démocratique du Congo
38%
République du Congo
38%
Afrique du Sud
25%
Arabie saoudite
25%
Azerbaïdjan
25%
Bahreïn
25%
Bangladesh
25%
Bosnie-Herzégovine
25%
Colombie
25%
Corée du Nord
25%
Érythrée
25%
Éthiopie
25%
Guinée
25%
Guinée-Bissau
25%
Jamaïque
25%
Kirghizistan
25%
Liban
25%
Libye
25%
Malaisie
25%
Mongolie
25%
Monténégro
25%
Niger
25%
Nigeria
25%
Ouzbékistan
25%
Panama
25%
Philippines
25%
Sénégal
25%
Serbie
25%
Somalie
25%
Tunisie
25%
Turkménistan
25%
Ukraine
25%
Venezuela
25%
Angola
13%
Arménie
13%
Bénin
13%
Bhoutan
13%
Birmanie
13%
Bolivie
13%
Botswana
13%
Brunei
13%
Burundi
13%
Cambodge
13%
Comores
13%
Costa Rica
13%
Côte d'Ivoire
13%
Eswatini
13%
Fidji
13%
Gabon
13%
Gambie
13%
Guatemala
13%
Guyana
13%
Haïti
13%
Honduras
13%
Irak
13%
Iran
13%
Kazakhstan
13%
Koweït
13%
Laos
13%
Lesotho
13%
Liberia
13%
Madagascar
13%
Mali
13%
Maurice
13%
Mauritanie
13%
Mozambique
13%
Namibie
13%
Népal
13%
Nicaragua
13%
Oman
13%
Ouganda
13%
Palestine
13%
Papouasie-Nouvelle-Guinée
13%
Paraguay
13%
République centrafricaine
13%
Rwanda
13%
Sierra Leone
13%
Singapour
13%
Soudan
13%
Suriname
13%
Syrie
13%
Tadjikistan
13%
Thaïlande
13%
Uruguay
13%
Vatican
13%
Viêt Nam
13%
Yémen
13%
Zimbabwe
13%
Antigua-et-Barbuda
0%
Bahamas
0%
Barbade Barbade
0%
Belize
0%
Biélorussie Biélorussie
0%
Cameroun
0%
Cap-Vert
0%
Dominique
0%
Émirats arabes unis
0%
Équateur
0%
Faso Burkina Faso
0%
Ghana
0%
Grenade
0%
Guinée équatoriale
0%
Kenya
0%
Malawi
0%
Maldives
0%
Qatar
0%
République dominicaine
0%
Saint-Christophe-et-Niévès
0%
Sainte-Lucie
0%
Saint-Vincent-et-les-Grenadines
0%
Salvador
0%
Sao Tomé-et-Principe
0%
Seychelles
0%
Soudan du Sud
0%
Sri Lanka
0%
Tanzanie
0%
Timor oriental
0%
Togo
0%
Trinité-et-Tobago
0%
Vanuatu
0%
Zambie
0%
Aucun quiz correspondant
Distribution des résultats
% des personnes avec chaque résultat
Percentile par nombre de réponses
Votre historique - résultats
Vous n’avez pas pris ce quiz depuis la dernière actualisation